Alternatívna energia - energia pre budúcnosť diplomová práca

Salvato in:
Dettagli Bibliografici
Autore principale: Babušiak, Jaroslav
Ente Autore: Obchodná fakulta EU. Katedra medzinárodného obchodu
Altri autori: Jurkovičová, Lujza
Natura: Libro
Lingua:slovacco
Pubblicazione: Bratislava 2009
Tags: Aggiungi Tag
Nessun Tag, puoi essere il primo ad aggiungerne!!

MARC

LEADER 00000nam$a2200000$$$4500
001 0100554
005 20240318133607.6
041 0 |a slo 
044 |a SK 
245 1 0 |a Alternatívna energia - energia pre budúcnosť  |b diplomová práca  |c Jaroslav Babušiak ; škol. Lujza Jurkovičová 
264 1 |a Bratislava  |c 2009 
300 |a 71 s. 
100 1 |a Babušiak, Jaroslav 
700 1 |a Jurkovičová, Lujza 
710 2 |a Obchodná fakulta EU. Katedra medzinárodného obchodu